01315nam a2200277 a 450000100100000000500170001000800410002704000250006808200240009324501140011725000110023126000350024230000210027749000800029850001400037860000360051865000530055465000290060765000440063665000300068070000540071070000430076483000880080795201270089599900150102200000253420200929150217.0840402s1940 ag 001 p spa  aDO-SdBNPbspacBNPHU a861.12bP744C, 194000aPoema del Cid /cEdición crítica, Ramón Menéndez Pidal ; versión en romance moderno, Pedro Salinas. a3a ed. aBuenos Aires :bLosada,c1940. a289 p. ;c18 cm.1 aLas cien obras maestras de la literatura y del pensamiento universalvno. 1 aLas cien obras maestras de la literatura y del pensamiento universal fueron publicadas bajo la dircción de Pedro Henríquez Ureña.14aCID,d1043-1099xROMANCES97961 4aPoesía épica españolaySIGLO X - XIV97962 4aPoesía narrativa97963 4aCaballeros y caballeriaxPoesía97964 4aHéroesxPoesías979651 aMenéndez Pidal, Ramón,d1869-1968.etr.939021 aSalinas, Pedro,d1892-1951.eed.97966 4aLas cien obras maestras de la literatura y del pensamiento universal ;vno. 197967 001054708MOaGRbGRcCTd2010-03-23iLF1l0o861.12 P744C, 1940p2534-10r2020-06-25w2020-06-25y4ZPréstamo en sala c2370d2370